000 00302nam a2200145Ia 4500
100 _aDeikman alan
250 _a2
942 _cBK
654 _aunix
245 _aUnix programming on the 80286/80386
260 _bBPB
_aNew Delhi
_c1989
082 _a5.13
_bDEI
300 _a446
546 _aENGLISH
999 _c23914
_d23914